000 00198 a2200097 4500
001 13869
100 _aLumley F
245 _aGently Shahib
260 _aLondon
_bPan Books
_c
090 _c10839
_d10839
942 _aNUST-CAE
_cM
_c935
999 _c248942
_d248942